000 00795nam a2200241 i 4500
001 11809
003 KOSZ 005
005 20210305085048.0
008 071005s1966 pl f 000 0 pol
015 _aPB 1966/8018
040 _aWA N
_cKOSZ 005/RW
_dKOSZ 005/RW
080 _a167/168
245 0 0 _aTeoria i doświadczenie /
_c[Helena Eilstein et al.]
260 _aWarszawa :
_bPaństwowe Wydawnictwo Naukowe,
_c1966.
300 _a265, [2] s. ;
_c24 cm.
380 _aKsiążki.
650 4 _aMetodologia
650 4 _aFilozofia nauki
700 1 _aEilstein, Helena
_d(1922-2009).
710 2 _aPaństwowe Wydawnictwo Naukowe
_4pbl.
856 _uhttp://koha.tu.koszalin.pl/cgi-bin/koha/opac-detail.pl?biblionumber=11809
_yKatalog online BPK
942 _2UKD
_cKS
999 _c11809
_d11809